LEADER 01531nam--2200409---450- 001 990002863950203316 005 20100624134110.0 010 $a3-406-55215-3 035 $a000286395 035 $aUSA01000286395 035 $a(ALEPH)000286395USA01 035 $a000286395 100 $a20070201d2006----km-y0itay50------ba 101 $ager 102 $aDE 105 $a||||||||001yy 200 1 $a<> Einfluss der rucktrittsrechtlichen Wertungen auf die bereichrungsrechtliche Ruckabwicklung nichtiger Vertrage$fvon Timo Fest 210 $aMunchen$cC.H. Beck$d2006 215 $aXIII, 161 p.$d24 cm 225 2 $aMünchener Universitätsschriften$iReihe derjuristischen Fakultat$v207 410 0$12001$aMünchener Universitätsschriften$v86$iReihe derjuristischen Fakultat 606 0 $aDebiti $yGermania 676 $a347.43 700 1$aTIMO,$bFest$0595744 801 0$aIT$bsalbc$gISBD 912 $a990002863950203316 951 $aXXX.A. Coll. 7/ 74 (COLL AKZ 207)$b53340 G.$cXXX.A. Coll. 7/ 74 (COLL AKZ)$d00120444 959 $aBK 969 $aGIU 979 $aIANNONE$b90$c20070201$lUSA01$h0913 979 $aIANNONE$b90$c20070201$lUSA01$h0914 979 $aIANNONE$b90$c20070201$lUSA01$h0931 979 $aGIUSY$b90$c20080228$lUSA01$h0949 979 $aRSIAV4$b90$c20100624$lUSA01$h1341 979 $aCHIARA$b90$c20120118$lUSA01$h1423 996 $aEinfluss der rucktrittsrechtlichen Wertungen auf die bereichrungsrechtliche Ruckabwicklung nichtiger Vertrage$9992013 997 $aUNISA LEADER 01631nam 2200445Ia 450 001 9910698083603321 005 20090204142914.0 035 $a(CKB)5470000002394164 035 $a(OCoLC)301745279 035 $a(EXLCZ)995470000002394164 100 $a20090204d1986 ua 0 101 0 $aeng 135 $aurbn||||a|||| 181 $ctxt$2rdacontent 182 $cc$2rdamedia 183 $acr$2rdacarrier 200 10$aHydrogen:air:steam flammability limits and combustion characteristics in the FITS vessel$b[electronic resource] /$fby Billy W. Marshall, Jr 210 1$aAlbuquerque, N.M. :$cSandia National Laboratories,$d[1986] 215 $axii, 136 pages $cillustrations ;$d28 cm 300 $aPaper version no longer available for sale by the Supt. of Docs. 300 $a"December 1986." 300 $a"NUREG/CR-3468." 300 $a"SAND84-0383." 320 $aIncludes bibliographical references (pages 56-58). 517 $aHydrogen 606 $aCombustion$xResearch 606 $aNuclear reactors$xContainment 606 $aPressurized water reactors$xLoss of coolant 615 0$aCombustion$xResearch. 615 0$aNuclear reactors$xContainment. 615 0$aPressurized water reactors$xLoss of coolant. 700 $aMarshall$b Billy W$g(Billy Wayne),$f1957-$01386570 712 02$aSandia National Laboratories. 712 02$aU.S. Nuclear Regulatory Commission. 801 0$bGPO 801 1$bGPO 906 $aBOOK 912 $a9910698083603321 996 $aHydrogen:air:steam flammability limits and combustion characteristics in the FITS vessel$93435578 997 $aUNINA